000 00452nam a2200133 a 4500
008 120416s1977 ||||||||||||||||| || u
050 _aHG 3881 Cro
100 _aCrockett, Andrew
245 1 0 _aInternational money
246 _aissues and analysis
260 _aSurrey
_bNelson
_c1977
350 _a0.00
995 _D0.00
_FCBU-MAIN LIBRARY (Kitwe)
_H1
_I7.95
_M1
_UDAMAGED
_ZMain Library Open Access Collection
999 _c47456
_d47456